ლინგვისტურ - ჰერმენევტიკული მეტატექსტები : (ბიბ.ჩანაწერი № 54989)
[ მარტივი ფორმატი ]
| 000 -ლიდერი | |
|---|---|
| ფიქსირებული სიგრძის საკონტროლო ველი | 02074nam a2200313Ia 4500 |
| 001 - საკონტროლო ნომერი | |
| საკონტროლო ველი | 22060 |
| 003 - საკონტროლო ნომრის იდენტიფიკატორი | |
| საკონტროლო ველი | GE_BSU |
| 005 - ბოლო ოპერაციის თარიღი და დრო | |
| საკონტროლო ველი | 20221007165455.0 |
| 008 - ფიქსირებული სიგრძის მონაცემთა ელემენტები - ზოგადი ინფორმაცია | |
| ფიქსირებული სიგრძის საკონტროლო ველი | 181216s ||||ge |||||||||||||| ||geo|| |
| 020 ## - წიგნის საერთაშორისო სტანდარტული ნომერი | |
| International Standard Book Number | 9789941180934 |
| 040 ## - კატალოგიზაციის წყარო | |
| Transcribing agency | GE_BSU |
| 041 ## - ენის კოდი | |
| Language code of text/sound track or separate title | geo |
| 080 ## - უნივერსალური ათობითი კლასიფიკაციის ინდექსი | |
| Universal Decimal Classification number | 811.353.1'36 დ-64 |
| 100 ## - მთავარი ჩანაწერი - პიროვნების სახელი | |
| Personal name | დობორჯგინიძე, ნინო |
| 9 (RLIN) | 2138 |
| 245 ## - ცნობა სათაურის შესახებ | |
| Title | ლინგვისტურ - ჰერმენევტიკული მეტატექსტები : |
| Remainder of title | პრაქტიკული გრამატიკა და ჰერმენევტიკა X-XIII საუკუნეების ქართულ წყაროებში / |
| Statement of responsibility, etc | ნინო დობორჯგინიძე ; რედ. თამარ სუხიშვილი, მამუკა ლეკვეიშვილი. |
| 264 ## - წარმოების, გამოცემის, დისტრიბუციის და სხვა ცნობები | |
| გამოცემის, წარმოების, დისტრიბუციის... ადგილი | თბილისი : |
| გამოცემის, წარმოების, დისტრიბუციის... სახელწოდება | ილიას სახელმწ. უნ-ტი, |
| გამოცემის, წარმოების, დისტრიბუციის... თარიღი | 2012. |
| 300 ## - ფიზიკური აღწერა | |
| Extent | 251 გვ. : |
| Other physical details | ილ. ; |
| Dimensions | 21 სმ |
| 501 ## - შენიშვნა თანმხლებ მასალაზე | |
| With note | დანართი I ანტიოქიმიური ხელნაწერები, დანართი II ეფრემ მცირის მეტატექსტები, 215 გვ. |
| 504 ## - BIBLIOGRAPHY, ETC. NOTE | |
| Bibliography, etc | ბიბლიოგრაფია გვ. : 201-213 |
| 653 ## - INDEX TERM--UNCONTROLLED | |
| Uncontrolled term | ენათმეცნიერება |
| 653 ## - INDEX TERM--UNCONTROLLED | |
| Uncontrolled term | ქართული ენის პრობლემები |
| 653 ## - INDEX TERM--UNCONTROLLED | |
| Uncontrolled term | ლინგვისტურ-ჰერმენევტიკული მეტატექსტები |
| 653 ## - INDEX TERM--UNCONTROLLED | |
| Uncontrolled term | პრაქტიკული გრამატიკა და ჰერმენევტიკა X-XIII საუკუნეების ქართულ წყაროებში |
| 653 ## - INDEX TERM--UNCONTROLLED | |
| Uncontrolled term | ქართული ენა |
| 700 ## - ADDED ENTRY--PERSONAL NAME | |
| Personal name | სუხიშვილი, თამარ |
| Relator term | რედაქტორი |
| 9 (RLIN) | 15165 |
| 700 ## - ADDED ENTRY--PERSONAL NAME | |
| Personal name | ლეკვეიშვილი, მამუკა |
| Relator term | რედაქტორი |
| 9 (RLIN) | 15166 |
| 942 ## - ADDED ENTRY ELEMENTS (KOHA) | |
| Koha item type | წიგნი |
| Source of classification or shelving scheme | |
| ჩამოწერის სტატუსი | დაკარგული ეგზემპლარის სტატუსი | კლასიფიკაციის წყარო ან თაროზე გაწყობის სქემა | დაზიანების სტატუსი | არ გაიცემა | მუდმივი მდებარეობა (დაცვის ადგილი) | ამჟამინდელი ადგილსამყოფელი | თაროზე განთავსების ადგილი | შეძენის თარიღი | ღირებულება, შესყიდვის ნორმალური ფასი | სრული შენახვის შიფრი | შტრიხკოდი | ბოლო ოპერაციის თარიღი | ეგზემპლარის მიმდევრობითი ნომერი (კეტერი?) | ფასის ძალაში შესვლის თარიღი | ეგზემპლარის სახეობა | საჯარო შენიშვნა |
|---|---|---|---|---|---|---|---|---|---|---|---|---|---|---|---|---|
| ბათუმის შოთა რუსთაველის სახელმწიფო უნივერსიტეტის მთავარი ბიბლიოთეკა | ბათუმის შოთა რუსთაველის სახელმწიფო უნივერსიტეტის მთავარი ბიბლიოთეკა | წიგნსაცავი | 2018-12-17 | 6.00 | 811.353.1'36 დ-64 | 56833 | 2018-12-17 | 56833 | 2018-12-17 | წიგნი | 6,90 ₾. | |||||
| ბათუმის შოთა რუსთაველის სახელმწიფო უნივერსიტეტის მთავარი ბიბლიოთეკა | ბათუმის შოთა რუსთაველის სახელმწიფო უნივერსიტეტის მთავარი ბიბლიოთეკა | წიგნსაცავი | 2018-12-17 | 6.00 | 811.353.1'36 დ-64 | 56834 | 2018-12-17 | 56834 | 2018-12-17 | წიგნი | 6,90 ₾. | |||||
| ბათუმის შოთა რუსთაველის სახელმწიფო უნივერსიტეტის მთავარი ბიბლიოთეკა | ბათუმის შოთა რუსთაველის სახელმწიფო უნივერსიტეტის მთავარი ბიბლიოთეკა | წიგნსაცავი | 2018-12-17 | 6.00 | 811.353.1'36 დ-64 | 56835 | 2018-12-17 | 56835 | 2018-12-17 | წიგნი | 6,90 ₾. | |||||
| ბათუმის შოთა რუსთაველის სახელმწიფო უნივერსიტეტის მთავარი ბიბლიოთეკა | ბათუმის შოთა რუსთაველის სახელმწიფო უნივერსიტეტის მთავარი ბიბლიოთეკა | წიგნსაცავი | 2018-12-17 | 6.00 | 811.353.1'36 დ-64 | 56836 | 2018-12-17 | 56836 | 2018-12-17 | წიგნი | 6,90 ₾. | |||||
| ბათუმის შოთა რუსთაველის სახელმწიფო უნივერსიტეტის მთავარი ბიბლიოთეკა | ბათუმის შოთა რუსთაველის სახელმწიფო უნივერსიტეტის მთავარი ბიბლიოთეკა | წიგნსაცავი | 2018-12-17 | 6.00 | 811.353.1'36 დ-64 | 56837 | 2018-12-17 | 56837 | 2018-12-17 | წიგნი | 6,90 ₾. | |||||
| ბათუმის შოთა რუსთაველის სახელმწიფო უნივერსიტეტის მთავარი ბიბლიოთეკა | ბათუმის შოთა რუსთაველის სახელმწიფო უნივერსიტეტის მთავარი ბიბლიოთეკა | წიგნსაცავი | 2018-12-17 | 6.00 | 811.353.1'36 დ-64 | 56838 | 2018-12-17 | 56838 | 2018-12-17 | წიგნი | 6,90 ₾. | |||||
| ბათუმის შოთა რუსთაველის სახელმწიფო უნივერსიტეტის მთავარი ბიბლიოთეკა | ბათუმის შოთა რუსთაველის სახელმწიფო უნივერსიტეტის მთავარი ბიბლიოთეკა | წიგნსაცავი | 2018-12-17 | 6.00 | 811.353.1'36 დ-64 | 56839 | 2018-12-17 | 56839 | 2018-12-17 | წიგნი | 6,90 ₾. | |||||
| ბათუმის შოთა რუსთაველის სახელმწიფო უნივერსიტეტის მთავარი ბიბლიოთეკა | ბათუმის შოთა რუსთაველის სახელმწიფო უნივერსიტეტის მთავარი ბიბლიოთეკა | წიგნსაცავი | 2018-12-17 | 6.00 | 811.353.1'36 დ-64 | 56840 | 2018-12-17 | 56840 | 2018-12-17 | წიგნი | 6,90 ₾. | |||||
| ბათუმის შოთა რუსთაველის სახელმწიფო უნივერსიტეტის მთავარი ბიბლიოთეკა | ბათუმის შოთა რუსთაველის სახელმწიფო უნივერსიტეტის მთავარი ბიბლიოთეკა | წიგნსაცავი | 2018-12-17 | 6.00 | 811.353.1'36 დ-64 | 56841 | 2018-12-17 | 56841 | 2018-12-17 | წიგნი | 6,90 ₾. | |||||
| ბათუმის შოთა რუსთაველის სახელმწიფო უნივერსიტეტის მთავარი ბიბლიოთეკა | ბათუმის შოთა რუსთაველის სახელმწიფო უნივერსიტეტის მთავარი ბიბლიოთეკა | წიგნსაცავი | 2018-12-17 | 6.00 | 811.353.1'36 დ-64 | 56842 | 2018-12-17 | 56842 | 2018-12-17 | წიგნი | 6,90 ₾. |
